000
00257nam a2200109Ia 4500
008
200302s9999 xx 000 0 und d
100
_a
Jesse Seegers ed.
245
_a
A B 2016- ABSTRACT
260
_b
Colmbia University press
260
_c
2015
300
_a
330
999
_c
7303
_d
7303